000 00308nam a22001337a 4500
003 SGT
020 _a97815-43343-24-3
082 _a615.1
_bAMB
100 _aAMBADE, SHILPA MANDE
245 _aDIETARY SUPPLEMENTS AND NUTRACEUTICALS
260 _aINDIA
_bS. VIKASH
_c2019
300 _a302
942 _2ddc
_cBK
999 _c32496
_d32496